|
|
|
|
| LEADER |
00000naa a2200000 a 4500 |
| 001 |
vtls009086021 |
| 003 |
SK-MaSNL |
| 005 |
20260302145206.0 |
| 008 |
250507e2006 xo a ||ab |||| ||slo |
| 015 |
|
|
|a SNBRA2007/08
|2 snkbucl
|
| 035 |
|
|
|a (uuid)a86418fe-c80e-4c48-9194-77f20eb81c7f
|
| 035 |
|
|
|a urn:nbn:sk:snk-abd5ga
|
| 035 |
|
|
|a (urnnbn)urn:nbn:sk:snk:ar-007pxi
|
| 038 |
|
|
|a SNKBUCL
|
| 040 |
|
|
|a SNKBUCL
|b slo
|c SNKBUCL
|e AACR2
|
| 041 |
0 |
|
|a slo
|b eng
|
| 044 |
|
|
|a xo
|c SK
|
| 080 |
|
|
|a 94(437.6)
|2 1997
|
| 080 |
|
|
|a 903.3/.4
|x (437.6)
|2 1997
|
| 080 |
|
|
|a 902
|x (437.6)
|2 1997
|
| 245 |
0 |
0 |
|a Najstaršie osídlenie Považskej Bystrice
|c Jozef Moravčík
|
| 246 |
3 |
1 |
|a The oldiest settlement of Považská Bystrica
|
| 300 |
|
|
|b Obr.
|
| 504 |
|
|
|a Bibliogr. odkazy
|
| 546 |
|
|
|a Res. angl.
|
| 650 |
0 |
7 |
|a osídľovanie
|2 snkbucl
|9 31252
|
| 650 |
0 |
7 |
|a pravek
|2 snkbucl
|9 4261
|
| 650 |
0 |
7 |
|a stredovek
|2 snkbucl
|9 4259
|
| 650 |
0 |
7 |
|a pohrebiská
|2 snkbucl
|9 30462
|
| 650 |
0 |
7 |
|a slovanské pohrebiská
|2 snkbucl
|9 449756
|
| 650 |
0 |
7 |
|a archeologické nálezy
|2 snkbucl
|9 4975
|
| 650 |
0 |
7 |
|a dejiny miest
|2 SNKPH
|9 164833
|
| 651 |
|
7 |
|a Považská Bystrica (Slovensko)
|2 snkbucl
|9 28796
|
| 655 |
|
7 |
|a štúdie
|2 snkbucl
|9 57033
|
| 773 |
0 |
|
|t Vlastivedný zborník Považia. XXIII
|d Žilina : Považské múzeum, 2006
|g S. 7-26
|z 808887744X
|
| 850 |
|
|
|a Slovenská národná knižnica
|
| 852 |
|
|
|a Slovenská národná knižnica
|
| 954 |
|
|
|a odborná, vedecká literatúra pôvodná (slovenská)
|2 lita
|
| 958 |
|
|
|a article17
|
| 958 |
|
|
|a OND
|
| 958 |
|
|
|a NB
|
| 958 |
|
|
|a SK
|
| 958 |
|
|
|a EUIPO
|
| 999 |
|
|
|c 1353049
|d 1354979
|